[Event "La Palma Island op"]
[Site "Santa Cruz de La Palma"]
[Date "2022.08.08"]
[Round "4"]
[White "Pap, Misa"]
[Black "Cubas Cabrera, Angel Luis"]
[Result "1/2-1/2"]
[WhiteElo "2369"]
[BlackElo "2207"]
[PlyCount "153"]
[EventDate "2022.08.06"]
[EventType "swiss"]
[EventRounds "9"]
[EventCountry "ESP"]
[SourceTitle "CBM 209 Extra"]
[Source "ChessBase"]
[SourceDate "2022.09.30"]
[SourceVersion "1"]
[SourceVersionDate "2022.09.30"]
[SourceQuality "1"]

1. e4 e5 2. Nf3 Nc6 3. Bb5 Nf6 4. d3 Bd6 5. c3 0-0 6. 0-0 Re8 7. Nbd2 a6 8. Ba4 b5 9. Bc2 Bf8 10. a4 Bb7 11. Re1 d5 12. exd5 Nxd5 13. Ne4 h6 14. Bd2 Nb8 15. axb5 axb5 16. Rxa8 Bxa8 17. d4 Nc6 18. Bb3 Nb6 19. Qe2 Na5 20. Bc2 Nac4 21. Bc1 exd4 22. Nf6+ Qxf6 23. Qxe8 Bxf3 24. gxf3 dxc3 25. bxc3 Qxc3 26. Qe4 g6 27. Rd1 Nd6 28. Qe2 Nbc4 29. Bf4 Qf6 30. Bg3 h5 31. h4 Qc3 32. Bd3 b4 33. Bf4 Qd4 34. Bg5 Nb2 35. Rd2 Nxd3 36. Rxd3 Qc4 37. Bf6 Qe6 38. Qe5 Qxe5 39. Bxe5 Be7 40. Rd4 Nf5 41. Rd7 c5 42. Rc7 f6 43. Bf4 Kf7 44. Be3 Nxe3 45. fxe3 Ke6 46. Kf2 f5 47. Ke2 Kd6 48. Rb7 Bxh4 49. Kd3 Ke6 50. Rg7 Bf6 51. Rxg6 b3 52. Kc4 b2 53. Rg1 Kd6 54. Rd1+ Kc6 55. Kb3 h4 56. Kc2 c4 57. e4 fxe4 58. fxe4 c3 59. Rd5 Be7 60. Rh5 Kd6 61. Rf5 Ke6 62. Kb1 Bf6 63. Kc2 Be5 64. Rh5 Bf6 65. Rf5 Be5 66. Rh5 Bg3 67. Kb1 Kf6 68. e5+ Ke6 69. Kc2 Kd5 70. Rg5 Ke6 71. Rh5 Bf2 72. Kb1 Be1 73. Kc2 Bg3 74. Kb1 Kf7 75. Rg5 Ke6 76. Rh5 Kd5 77. Kc2 1/2-1/2

[Event "Liga Insular Gran Canaria Preferente"]
[Site "Las Palmas"]
[Date "2019.05.25"]
[Round "8.2"]
[White "Diaz Suarez, Hugo"]
[Black "Cubas Cabrera, Angel Luis"]
[Result "1/2-1/2"]
[WhiteElo "2043"]
[BlackElo "2083"]
[PlyCount "26"]
[EventDate "2019.03.02"]
[EventType "team-tourn"]
[EventRounds "9"]
[EventCountry "ESP"]
[SourceTitle "EXT 2021"]
[Source "ChessBase"]
[SourceDate "2020.10.23"]
[SourceVersion "1"]
[SourceVersionDate "2020.10.23"]
[SourceQuality "1"]
[WhiteTeam "Villa de Teror"]
[BlackTeam "Grandama"]
[WhiteTeamCountry "ESP"]
[BlackTeamCountry "ESP"]

1. d4 Nf6 2. Nf3 e6 3. g3 b5 4. Bg2 d5 5. 0-0 Nbd7 6. b3 Bb7 7. Bb2 Be7 8. Nbd2 b4 9. Ne5 0-0 10. Rc1 Nxe5 11. dxe5 Nd7 12. e4 c6 13. Qg4 Nc5 1/2-1/2

[Event "Las Palmas Montalvo Memorial 12th"]
[Site "Las Palmas"]
[Date "2019.04.20"]
[Round "9"]
[White "Cubas Cabrera, Angel Luis"]
[Black "Rodriguez Redondo, Ethan"]
[Result "1/2-1/2"]
[WhiteElo "2083"]
[BlackElo "1943"]
[PlyCount "90"]
[EventDate "2019.04.13"]
[EventType "swiss"]
[EventRounds "9"]
[EventCountry "ESP"]
[SourceTitle "CBM 189 Extra"]
[Source "ChessBase"]
[SourceDate "2019.06.03"]
[SourceVersion "1"]
[SourceVersionDate "2019.06.03"]
[SourceQuality "1"]

1. d4 Nf6 2. c4 e6 3. g3 c5 4. Nf3 cxd4 5. Nxd4 d5 6. Nf3 Be7 7. Nc3 dxc4 8. Qxd8+ Bxd8 9. Ne5 0-0 10. Bg2 Bc7 11. Nxc4 a6 12. 0-0 Nbd7 13. Rd1 Rb8 14. Nd6 b5 15. Be3 Bb6 16. Bxb6 Nxb6 17. Rac1 b4 18. Nce4 Nfd5 19. Nc5 a5 20. e4 Nf6 21. e5 Nfd5 22. a3 Rd8 23. axb4 axb4 24. Ra1 Bd7 25. Ra7 Be8 26. Na6 Nc8 27. Rb7 Ra8 28. Nxb4 Nxd6 29. exd6 Rxd6 30. Nxd5 exd5 31. Rb4 Rad8 32. Rbd4 Bc6 33. R1d2 Kf8 34. f4 Ba8 35. Kf2 Rb8 36. b4 Rdb6 37. Ra2 Bc6 38. Rc2 Ba8 39. Rb2 Ke7 40. Ra2 Bc6 41. Ra7+ Kd6 42. Rxf7 Rxb4 43. Rxb4 Rxb4 44. Rxg7 Rb2+ 45. Kg1 Rb1+ 1/2-1/2

[Event "Las Palmas Montalvo Memorial 12th"]
[Site "Las Palmas"]
[Date "2019.04.15"]
[Round "4"]
[White "Fuentes Perez, Noe"]
[Black "Cubas Cabrera, Angel Luis"]
[Result "0-1"]
[WhiteElo "1911"]
[BlackElo "2083"]
[PlyCount "78"]
[EventDate "2019.04.13"]
[EventType "swiss"]
[EventRounds "9"]
[EventCountry "ESP"]
[SourceTitle "CBM 189 Extra"]
[Source "ChessBase"]
[SourceDate "2019.06.03"]
[SourceVersion "1"]
[SourceVersionDate "2019.06.03"]
[SourceQuality "1"]

1. e4 e5 2. Bc4 Nc6 3. Nf3 Bc5 4. 0-0 d6 5. c3 Nf6 6. d4 Bb6 7. h3 0-0 8. Re1 exd4 9. cxd4 d5 10. exd5 Nxd5 11. Bg5 Qd6 12. Nc3 Be6 13. Bb3 Nxc3 14. bxc3 Bd5 15. Ne5 Bxb3 16. axb3 Nxe5 17. dxe5 Qc6 18. Ra4 Qxc3 19. Rc4 Qg3 20. Bh4 Qg6 21. Qf3 Kh8 22. Rg4 Qh5 23. Bf6 Rg8 24. Rxg7 Qxf3 25. Rxg8+ Kxg8 26. gxf3 Kf8 27. f4 c6 28. Rd1 Ke8 29. Kf1 Bd8 30. Bxd8 Rxd8 31. Rxd8+ Kxd8 32. Ke2 f6 33. Kd3 Ke7 34. Kd4 b6 35. Ke4 a5 36. Kd4 b5 37. f3 a4 38. bxa4 bxa4 39. Kc4 c5 0-1

[Event "Liga Insular Gran Canaria Preferente"]
[Site "Las Palmas"]
[Date "2019.03.23"]
[Round "4.3"]
[White "Perez Brito, Avelino"]
[Black "Cubas Cabrera, Angel Luis"]
[Result "1/2-1/2"]
[WhiteElo "1739"]
[BlackElo "2083"]
[PlyCount "86"]
[EventDate "2019.03.02"]
[EventType "team-tourn"]
[EventRounds "9"]
[EventCountry "ESP"]
[SourceTitle "EXT 2021"]
[Source "ChessBase"]
[SourceDate "2020.10.23"]
[SourceVersion "1"]
[SourceVersionDate "2020.10.23"]
[SourceQuality "1"]
[WhiteTeam "Anand"]
[BlackTeam "Grandama"]
[WhiteTeamCountry "ESP"]
[BlackTeamCountry "ESP"]

1. c4 e6 2. Nc3 d5 3. d4 Be7 4. Nf3 Nf6 5. Bg5 h6 6. Bh4 0-0 7. e3 b6 8. cxd5 Nxd5 9. Bxe7 Qxe7 10. Nxd5 exd5 11. Be2 Be6 12. 0-0 c5 13. Rc1 Nd7 14. Qd2 Rac8 15. dxc5 bxc5 16. h3 Rfd8 17. Rfd1 Nf6 18. Qa5 Ne4 19. Nd2 f5 20. Qa3 Rc7 21. Nf3 Bf7 22. Nd2 Qd6 23. Nc4 Qf6 24. Nd2 Rb8 25. Rc2 Qb6 26. Nxe4 fxe4 27. b3 a5 28. Rdc1 a4 29. Rxc5 Rxc5 30. Qxc5 axb3 31. Qxb6 Rxb6 32. axb3 Rxb3 33. Rc8+ Kh7 34. Bg4 g5 35. Rc7 Kg8 36. Rc8+ Kg7 37. Rc7 Kf6 38. Rc6+ Kg7 39. Rc7 Kf6 40. Rc6+ Kg7 41. Rc7 Kf8 42. Rc8+ Kg7 43. Rc7 Kf6 1/2-1/2

[Event "PRO League Stage"]
[Site "Chess.com INT"]
[Date "2019.02.20"]
[Round "7"]
[White "Ivlev, Aleksey"]
[Black "Cubas Cabrera, Angel Luis"]
[Result "1-0"]
[WhiteElo "2326"]
[BlackElo "2083"]
[PlyCount "101"]
[EventDate "2019.01.08"]
[EventType "team-swiss (rapid)"]
[EventRounds "10"]
[EventCountry "USA"]
[SourceTitle "CBM 189 Extra"]
[Source "ChessBase"]
[SourceDate "2019.06.03"]
[SourceVersion "1"]
[SourceVersionDate "2019.06.03"]
[SourceQuality "1"]
[WhiteTeam "Volga Stormbringers"]
[BlackTeam "Barcelona Raptors"]
[WhiteTeamCountry "RUS"]
[BlackTeamCountry "ESP"]

1. d4 d5 2. c4 e6 3. Nf3 Nf6 4. g3 Be7 5. Bg2 0-0 6. 0-0 dxc4 7. Qc2 b6 8. Bg5 Nbd7 9. Ne5 Nxe5 10. Bxa8 Qxd4 11. Bf4 Ba6 12. Bg2 Qc5 13. b4 Qd6 14. Rd1 Nd5 15. Nc3 c6 16. b5 Bxb5 17. Nxb5 cxb5 18. Qb2 Bf6 19. Qxb5 Nc3 20. Rxd6 Nxb5 21. Rdd1 Ng6 22. Rac1 Nxf4 23. gxf4 Nc3 24. Rd2 b5 25. e4 Na4 26. e5 Be7 27. Rd7 Bc5 28. Bc6 Rb8 29. Kg2 g6 30. h4 h5 31. Rc7 Bb6 32. Rd7 Nc5 33. Rdd1 Nd3 34. Rb1 a6 35. Kf3 Nxf4 36. Kxf4 Bxf2 37. Rdc1 Rd8 38. Bb7 Rd4+ 39. Kf3 Bxh4 40. Bxa6 Rd2 41. Bxb5 Rxa2 42. Bxc4 Ra3+ 43. Rb3 Ra2 44. Rb8+ Kg7 45. Bxa2 Bg5 46. Rc7 h4 47. Rbb7 Kh6 48. Rxf7 Bc1 49. Kg4 g5 50. Rh7+ Kg6 51. Bb1# 1-0

[Event "PRO League Stage"]
[Site "Chess.com INT"]
[Date "2019.02.20"]
[Round "7"]
[White "Sargsyan, Anna M"]
[Black "Cubas Cabrera, Angel Luis"]
[Result "1-0"]
[WhiteElo "2339"]
[BlackElo "2083"]
[PlyCount "151"]
[EventDate "2019.01.08"]
[EventType "team-swiss (rapid)"]
[EventRounds "10"]
[EventCountry "USA"]
[SourceTitle "CBM 189 Extra"]
[Source "ChessBase"]
[SourceDate "2019.06.03"]
[SourceVersion "1"]
[SourceVersionDate "2019.06.03"]
[SourceQuality "1"]
[WhiteTeam "Armenia Eagles"]
[BlackTeam "Barcelona Raptors"]
[WhiteTeamCountry "ARM"]
[BlackTeamCountry "ESP"]

1. d4 d5 2. c4 e6 3. Nf3 Nf6 4. Nc3 Be7 5. Bf4 0-0 6. e3 b6 7. cxd5 Nxd5 8. Nxd5 exd5 9. Bd3 c5 10. 0-0 Be6 11. dxc5 bxc5 12. Rc1 Nc6 13. h3 Qb6 14. b3 Rfd8 15. Qe2 a5 16. Ne5 Nxe5 17. Bxe5 a4 18. Rb1 axb3 19. axb3 Bf8 20. f4 Bc8 21. Kh1 Ba6 22. Bxa6 Qxa6 23. Qg4 Qd3 24. f5 Kh8 25. f6 g6 26. Bf4 Ra3 27. Bc7 Rda8 28. Qd7 Kg8 29. Rbd1 Qxb3 30. Rxd5 Qxe3 31. Re5 Qd3 32. Rd1 Qxd7 33. Rxd7 Rc8 34. Bd6 Bxd6 35. Rxd6 c4 36. Rc5 Raa8 37. Rdc6 Rxc6 38. Rxc6 h5 39. Rxc4 Ra6 40. Rf4 Kh7 41. h4 Kh6 42. Kh2 g5 43. hxg5+ Kxg5 44. Rb4 Rxf6 45. Rb5+ Rf5 46. Rb8 Rf6 47. Rb5+ Kg4 48. Rb4+ Rf4 49. Rb8 Rf5 50. Rb4+ Kg5 51. Rb3 Ra5 52. Rc3 f5 53. Rb3 Kg4 54. Rc3 f4 55. Rb3 Ra2 56. Rc3 h4 57. Rb3 Re2 58. Ra3 Re3 59. Ra8 Re5 60. Ra3 Re3 61. Ra8 Kf5 62. Rh8 Kg4 63. Ra8 Rg3 64. Rg8+ Kf5 65. Rh8 Ke4 66. Rxh4 Ke3 67. Rh3 Kf2 68. Rxg3 fxg3+ 69. Kh3 Ke3 70. Kxg3 Ke4 71. Kg4 Ke5 72. Kg5 Ke6 73. Kg6 Ke7 74. Kg7 Ke8 75. g4 Ke7 76. g5 1-0

[Event "ESP-ch U14"]
[Site "Granada"]
[Date "2016.07.16"]
[Round "9"]
[White "Moreno Alcaraz, Jose Javier"]
[Black "Cubas Cabrera, Angel Luis"]
[Result "0-1"]
[WhiteElo "1839"]
[BlackElo "1926"]
[PlyCount "57"]
[EventDate "2016.07.11"]
[EventType "swiss"]
[EventRounds "9"]
[EventCountry "ESP"]
[SourceTitle "EXT 2024"]
[Source "ChessBase"]
[SourceDate "2023.10.10"]
[SourceVersion "1"]
[SourceVersionDate "2023.10.10"]
[SourceQuality "1"]

1. e4 e5 2. Nf3 Nc6 3. d4 exd4 4. Bc4 Bc5 5. 0-0 d6 6. Re1 Nge7 7. e5 0-0 8. Ng5 h6 9. e6 hxg5 10. exf7+ Rxf7 11. Bxf7+ Kxf7 12. Bxg5 Kg8 13. a3 a5 14. Nd2 Qf8 15. Ne4 Bd7 16. Bxe7 Nxe7 17. Qh5 Qf5 18. Qh4 Ng6 19. Qg3 Bc6 20. Ng5 Bd5 21. b4 Ba7 22. Rad1 Rf8 23. Rd2 Ne5 24. Qh4 Rf6 25. Rde2 Rg6 26. Qh7+ Kf8 27. Qh8+ Bg8 28. Ne6+ Qxe6 29. Qh4 0-1

[Event "ESP-chT Regional U14"]
[Site "Padron"]
[Date "2016.06.24"]
[Round "3.21"]
[White "Prado Lobo, Jonas"]
[Black "Cubas Cabrera, Angel Luis"]
[Result "1/2-1/2"]
[WhiteElo "1999"]
[BlackElo "1888"]
[PlyCount "55"]
[EventDate "2016.06.23"]
[EventType "team-swiss"]
[EventRounds "6"]
[EventCountry "ESP"]
[SourceTitle "EXT 2017"]
[Source "ChessBase"]
[SourceDate "2016.10.25"]
[SourceVersion "1"]
[SourceVersionDate "2016.10.25"]
[SourceQuality "1"]
[WhiteTeam "Asturias"]
[BlackTeam "Canarias"]
[WhiteTeamCountry "ESP"]
[BlackTeamCountry "ESP"]

1. d4 Nf6 2. c4 g6 3. Nc3 Bg7 4. e4 d6 5. Bg5 h6 6. Be3 0-0 7. f3 c5 8. d5 e6 9. dxe6 Bxe6 10. Qd2 Nc6 11. 0-0-0 Ne5 12. b3 Kh7 13. Nge2 b6 14. Qxd6 Qxd6 15. Rxd6 Rfd8 16. Rxd8 Rxd8 17. Nf4 Nc6 18. Nfd5 Nd7 19. Bd3 Nd4 20. Rd1 Nb8 21. Nb5 Nbc6 22. Nxd4 Nxd4 23. Nf4 Kg8 24. Ne2 Nc6 25. f4 Nb4 26. Bc2 Nxa2+ 27. Kb1 Rxd1+ 28. Bxd1 1/2-1/2

[Event "Canarias-ch U14"]
[Site "San Bartolome de Tirajana"]
[Date "2015.04.10"]
[Round "2"]
[White "Cubas Cabrera, Angel Luis"]
[Black "Ramirez Maillo, Cristian"]
[Result "1-0"]
[WhiteElo "1798"]
[BlackElo "1454"]
[PlyCount "83"]
[EventDate "2015.04.10"]
[EventType "swiss"]
[EventRounds "7"]
[EventCountry "ESP"]
[SourceTitle "EXT 2024"]
[Source "ChessBase"]
[SourceDate "2023.10.10"]
[SourceVersion "1"]
[SourceVersionDate "2023.10.10"]
[SourceQuality "1"]

1. d4 Nf6 2. c4 e5 3. dxe5 Ne4 4. Nd2 Nc5 5. Ngf3 Nc6 6. e3 d6 7. exd6 Bxd6 8. Be2 Qf6 9. Nb3 Bf5 10. Nbd4 Be4 11. a3 a5 12. b3 Qg6 13. Bb2 0-0 14. Rc1 Rad8 15. 0-0 Qh6 16. g3 Qh3 17. Re1 Ne5 18. Bf1 Qh6 19. Nxe5 Bxe5 20. b4 axb4 21. axb4 Ne6 22. Qg4 f5 23. Qh3 Bxd4 24. Qxh6 gxh6 25. exd4 Nxd4 26. Bxd4 Rxd4 27. Red1 Rfd8 28. Be2 Rxd1+ 29. Rxd1 Rxd1+ 30. Bxd1 Kf7 31. f4 Bd3 32. Bb3 Kf6 33. Kf2 Kg6 34. Ke3 Be4 35. Bd1 Kf6 36. Be2 Kg6 37. Kd4 Kf6 38. c5 b6 39. Bc4 bxc5+ 40. Kxc5 Kg6 41. b5 Kh5 42. Be2+ 1-0

[Event "Las Palmas Montalvo Memorial 8th"]
[Site "Las Palmas"]
[Date "2015.03.30"]
[Round "1"]
[White "Cubas Cabrera, Angel Luis"]
[Black "Horvath, Adam"]
[Result "0-1"]
[WhiteElo "1798"]
[BlackElo "2532"]
[PlyCount "108"]
[EventDate "2015.03.30"]
[EventType "swiss"]
[EventRounds "9"]
[EventCountry "ESP"]
[SourceTitle "EXT 2016"]
[Source "ChessBase"]
[SourceDate "2015.10.08"]
[SourceVersion "1"]
[SourceVersionDate "2015.10.08"]
[SourceQuality "1"]

1. d4 Nf6 2. c4 e6 3. Nc3 Bb4 4. Qc2 c5 5. dxc5 Bxc5 6. Nf3 Qb6 7. e3 Qc7 8. Be2 a6 9. a3 Be7 10. 0-0 b6 11. Rd1 Bb7 12. Bd2 d6 13. Rac1 Nbd7 14. Be1 Rc8 15. b4 0-0 16. Qb3 Bxf3 17. gxf3 Ne5 18. Na2 Qb7 19. e4 Nh5 20. Bd2 Ng6 21. Be3 Nhf4 22. Nc3 Bf6 23. Bf1 Be5 24. Ne2 Qe7 25. Nxf4 Nxf4 26. Bxf4 Bxf4 27. Rc2 a5 28. b5 Rc5 29. h3 Qf6 30. Kh1 Rh5 31. Bg2 Rc8 32. a4 Rcc5 33. Qd3 Qh6 34. Qf1 Rh4 35. Kg1 Rg5 36. Kh1 Rgh5 37. Kg1 Qg5 38. Kh1 Be5 39. Rd3 Qf4 40. Qg1 h6 41. Re3 Rg5 42. Rd3 Rxh3+ 43. Bxh3 Rxg1+ 44. Kxg1 Qh2+ 45. Kf1 Qxh3+ 46. Ke2 Qh2 47. Rd1 h5 48. Rcc1 h4 49. Rh1 Qf4 50. Rcg1 Bf6 51. Rc1 Qe5 52. Rc2 g5 53. Ke3 Qf4+ 54. Ke2 g4 0-1

[Event "Canarias-ch U14 31st"]
[Site "Puerto de la Cruz"]
[Date "2013.04.28"]
[Round "7"]
[White "Rodriguez Mellado, Antonio"]
[Black "Cubas Cabrera, Angel Luis"]
[Result "1-0"]
[WhiteElo "1842"]
[BlackElo "1519"]
[PlyCount "55"]
[EventDate "2013.04.26"]
[EventType "swiss"]
[EventRounds "7"]
[EventCountry "ESP"]
[SourceTitle "EXT 2015"]
[Source "ChessBase"]
[SourceDate "2014.11.20"]
[SourceVersion "1"]
[SourceVersionDate "2014.11.20"]
[SourceQuality "1"]

1. e4 e6 2. e5 c5 3. c3 Nc6 4. d4 cxd4 5. cxd4 d5 6. Nf3 Qb6 7. Nc3 Bd7 8. Be2 Nge7 9. 0-0 Nf5 10. Bb5 Nxe5 11. Nxe5 Bxb5 12. Re1 Be7 13. Qg4 0-0 14. Nxd5 exd5 15. Qxf5 Qf6 16. Qg4 Rfd8 17. Bf4 Rac8 18. Rac1 Bc6 19. Qf3 Bd6 20. Qg3 Qf5 21. Nxc6 Rxc6 22. Bxd6 Rxc1 23. Rxc1 Qe6 24. Bf4 Re8 25. h3 Qb6 26. Rd1 Qxb2 27. Be5 g6 28. Qh4 1-0